Portugal's District Capitals - Statistics

General Stats
  • This quiz has been taken 196 times
    110 since last reset
  • The average score is 15 of 18
Answer Stats
Hint Answer % Correct
Estremadura Lisbon
99%
Douro Litoral Porto
96%
Algarve Faro
95%
Minho Braga
90%
Beira Litoral Coimbra
86%
Estemadura Setúbal
86%
Alto Alentejo Évora
81%
Beira Litoral Aveiro
80%
Trás-os-Montes Bragança
80%
Beira Alta Viseu
79%
Ribatejo Santarém
78%
Trás-os-Montes Vila Real
77%
Minho Viana do Castelo
75%
Baixo Alentejo Beja
74%
Estremadura Leiria
74%
Beira Baixa Castelo Branco
73%
Beira Alta Guarda
70%
Alto Alentejo Portalegre
69%
No matching quizzes found
Score Distribution
Percent of People with Each Score
Percentile by Number Answered
Your Score History
You have not taken this quiz since the last reset